| 000 | 00489nam a2200181Ia 4500 | ||
|---|---|---|---|
| 008 | 180207s9999 xx 000 0 und d | ||
| 020 | _a9780439365511 | ||
| 050 | _bJ124 1997 | ||
| 100 | _aJackson, Alison | ||
| 245 | _aI know an old lady who swallowed a pie / | ||
| 245 | _cby Alison Jackson ; pictures by Judith Byron Schachner / | ||
| 260 | _aNew York : | ||
| 260 | _bScholastic, | ||
| 260 | _c1997 | ||
| 300 | _aunpaged : | ||
| 300 | _bcolor illustration ; | ||
| 300 | _c25cm. | ||
| 999 |
_c355469 _d355469 |
||